Revista del Instituto Americano de Arte / (Record no. 21790)

000 -CABECERA
fixed length control field 02225nam a22003017a 4500
003 - IDENTIFICADOR DEL NÚMERO DE CONTROL
control field AR-CdUCM
008 - DATOS DE LONGITUD FIJA--INFORMACIÓN GENERAL
fixed length control field 190425b ||||| |||| 00| 0 spa d
040 ## - FUENTE DE LA CATALOGACIÓN
Agencia/entidad que catalogó originalmente la obra MUNICIPALIDAD PROVINCIAL DEL CUSCO
Entidad que transcribió la catalogación BIBLIOTECA MUNICIPAL DEL CUSCO
082 ## - NÚMERO DE LA CLASIFICACIÓN DECIMAL DEWEY
No. de Clasificación Rev.IAAC/N°5/1947
110 ## - ENTRADA PRINCIPAL--NOMBRE DE ENTIDAD CORPORATIVA
Nombre de la institución, jurisdicción como entrada principal Instituto Americano de Arte del Cuzco
9 (RLIN) 43770
245 ## - MENCIÓN DE TÍTULO
Título Revista del Instituto Americano de Arte /
260 ## - PUBLICACIÓN, DISTRIBUCIÓN, ETC.
Lugar de publicación, distribución, etc. Cusco :
Nombre de la editorial, distribuidor, etc. Talleres gráficos La Económica,
Fecha de publicación, distribución, etc. 1947.
300 ## - DESCRIPCIÓN FÍSICA
Nº de Páginas Extensión 112 páginas. :
Otros detalles físicos ilustraciones ;
Dimensiones 24 cm.
440 ## - MENCIÓN DE SERIE/PUNTO DE ACCESO ADICIONAL--TÍTULO
Título Revista del Instituto Americano de Arte Cuzco.
Número de la parte/sección de una obra Año V, [?] semestre de 1947, N°5. Vol.II
9 (RLIN) 46120
505 ## - NOTA DE CONTENIDO CON FORMATO
Nota de contenido formateada Contenido: Mensaje a mis consocios del IAAC con motivo de cumplirse el X Aniversario de su fundación. Uriel García. -- José Gabriel Túpac Amaru. Jorge Cornejo Bouroncle. -- La planta de Machupicchu y el esbozo de la ciudad ideal. Víctor M. Guillen. -- Caracterización Mariateguista del estado de los incas a la luz del marxismo. Vicente Mendoza Díaz. -- Música danzas y cantos del Cuzco. Martín Paúcar. -- Folklore peruano las adivinanzas quechuas. Víctor Navarro del Águila. -- Alfabeto oficial del idioma Quechua. R.L. -- Isabel Chimpu Ocllo. Poema. Aurelio Martínez. -- La Katita. Roberto La Torre. -- Yermo. Oscar Cano Torres. -- Estepa en llamas. Eustaquio Kkallata. -- El cóndor indio. Luis Felipe Paredes. -- Máximo Gorky. Román Saavedra. -- La pintura en los templos del Cuzco. -- Mariano fuentes Lira. -- Triunfo de un maestro arequipeño. -- ¿Qué quiero? poema. Haydeé de Benavides. -- X Aniversario del IAAC. -- Actividades del Instituto. Los concursos provocados por el IAAC. -- Reseña de la labor del Instituto. -- Personal del IAAC. -- Bibliografía, libros revistas recibidos en la biblioteca del IAAC.
650 ## - PUNTO DE ACCESO ADICIONAL DE MATERIA--TÉRMINO DE MATERIA
Descriptor Tradiciones cusqueñas
9 (RLIN) 31110
650 ## - PUNTO DE ACCESO ADICIONAL DE MATERIA--TÉRMINO DE MATERIA
Descriptor Fiestas populares
9 (RLIN) 34730
650 ## - PUNTO DE ACCESO ADICIONAL DE MATERIA--TÉRMINO DE MATERIA
Descriptor Folcklore
9 (RLIN) 46108
650 ## - PUNTO DE ACCESO ADICIONAL DE MATERIA--TÉRMINO DE MATERIA
Descriptor Literatura cusqueña
9 (RLIN) 46110
650 ## - PUNTO DE ACCESO ADICIONAL DE MATERIA--TÉRMINO DE MATERIA
Descriptor Poetas cusqueños
9 (RLIN) 5956
650 ## - PUNTO DE ACCESO ADICIONAL DE MATERIA--TÉRMINO DE MATERIA
Descriptor Túpac Amaru
9 (RLIN) 623
650 ## - PUNTO DE ACCESO ADICIONAL DE MATERIA--TÉRMINO DE MATERIA
Descriptor Arte cusqueño
9 (RLIN) 13165
700 ## - PUNTO DE ACCESO ADICIONAL--NOMBRE DE PERSONA
Nombre Personal Gutiérrez Loayza, Julio
9 (RLIN) 46116
700 ## - PUNTO DE ACCESO ADICIONAL--NOMBRE DE PERSONA
Nombre Personal Navarro del Águila, Víctor
9 (RLIN) 32360
700 ## - PUNTO DE ACCESO ADICIONAL--NOMBRE DE PERSONA
Nombre Personal Cornejo Bouroncle, Jorge
9 (RLIN) 15278
942 ## - ELEMENTOS DE PUNTO DE ACCESO ADICIONAL (KOHA)
Fuente de clasificación
Tipo de item Revistas cusqueñas
945 ## - PROCESAMIENTO DE INFORMACIÓN LOCAL (OCLC)
Catalogador rac
Holdings
Estado de retiro (separado) Fuente de clasificación o esquema de estanterías Estado dañado Ubicación Sala donde se ubica Nombre de la colección Fecha de adquisición o compra Costo, precio normal en soles Signatura topográfica Código de Barras Última vez visto (Koha) Tipo de ítem (Koha)
No     Sala Hemeroteca Sala Hemeroteca Book Cart 2021-07-30 10.00 Rev.IAAC/N°5/1947 REVC000227 2021-07-30 Revistas cusqueñas
No     Sala Hemeroteca Sala Hemeroteca Book Cart 2021-07-30 10.00 Rev.IAAC/N°5/1947/e.2 REVC000229 2021-07-30 Revistas cusqueñas
No     Sala Hemeroteca Sala Hemeroteca Book Cart 2021-07-30 10.00 Rev.IAAC/N°5/1947/e.3 REVC000230 2021-07-30 Revistas cusqueñas
No     Sala Hemeroteca Sala Hemeroteca Book Cart 2021-07-30 10.00 Rev.IAAC/N°5/1947/e.4 REVC000231 2021-07-30 Revistas cusqueñas

Powered by Koha